[Event "Match"]
[Site "www.echecsemail.com"]
[Date "2016.04.30"]
[Round "1"]
[White "Pimpampum"]
[Black "Guidom"]
[WhiteElo "1499"]
[BlackElo "2070"]
[Result "1/2-1/2"]
[Round "1"]
1.Ng1f3 d5
2.d4 c6
3.c4 e6
4.e3 Ng8f6
5.Nb1c3 Bf8b4
6.Bc1d2 O-O
7.Ra1c1 Nb8d7
8.a3 Bb4xc3
9.Bd2xc3 Rf8e8
10.Bf1e2 dxc4
11.Be2xc4 Nf6d5
12.Bc3d2 Nd5b6
13.Bc4d3 e5
14.dxe5 Nd7xe5
15.Nf3xe5 Re8xe5
16.Bd2c3 Re5e8
17.Qd1c2 h6
18.O-O Nb6d5
19.Bc3d2 Bc8e6
20.Rc1d1 Qd8f6
21.Bd2c1 Ra8d8
22.b4 Nd5b6
23.Bc1b2 Qf6g5
24.Rf1e1 Be6h3
25.Bd3f1 Nb6d5
26.Rd1d4 Bh3e6
27.Re1d1 Rd8c8
28.Bf1e2 Be6h3
29.Be2f3 Nd5xe3
30.fxe3 Qg5xe3
31.Qc2f2 Qe3g5
32.Qf2g3 Qg5xg3
33.hxg3 Bh3e6
34.Kf2 Kf8
35.Bf3g4 f5
36.Bg4xf5 Be6xf5
37.Rd4f4 g6
38.g4 Re8e4
39.Rd1d4 Rc8e8
40.gxf5 Re4e2
41.Kg3 Re8e3
42.Kh2 Re2xb2
43.fxg6 Kg7
44.Rf4f7 Kxg6
45.Rf7xb7 Re3xa3
46.Rd4d6 Kf5
47.Rd6xc6 Ra3a2
48.Rb7g7 h5
49.Rc6c5 Kf6
50.Rg7g5 Rb2f2
{ draw }
1/2-1/2

[Event "Match"]
[Site "www.echecsemail.com"]
[Date "2016.04.30"]
[Round "1"]
[White "Cal"]
[Black "Genius2"]
[WhiteElo "1780"]
[BlackElo "1740"]
[Result "0-1"]
[Round "1"]
1.Nb1c3 c5
2.e4 Nb8c6
3.Ng1f3 d6
4.h3 Ng8f6
5.d3 g6
6.a3 Bf8g7
7.Bc1f4 O-O
8.b3 a6
9.Bf1e2 b5
10.O-O Bc8b7
11.Bf4g3 Nf6h5
12.Qd1d2 Nh5xg3
13.fxg3 Qd8c7
14.Ra1e1 e6
15.Nc3d1 d5
16.exd5 exd5
17.Nd1e3 d4
18.Ne3d5 Qc7d6
19.Qd2g5 f6
20.Nd5xf6 Bg7xf6
21.Qg5g4 Ra8e8
22.h4 Bf6g7
23.h5 gxh5
24.Qg4g5 Qd6g6
25.Qg5xc5 Rf8f5
26.Qc5b6 Re8e7
27.Nf3h4 Rf5xf1
28.Kxf1 Qg6xg3
29.Nh4f5 Qg3f4
30.Be2f3 Re7xe1
31.Kxe1 Qf4xf5
32.Bf3xc6 Qf5e6
33.Kd1 Qe6xc6
34.Qb6d8 Bg7f8
35.Qd8g5 Qc6g6
36.Qg5xg6 hxg6
37.g3 Bf8d6
38.Kd2 Bd6xg3
39.c3 dxc3
40.Kxc3 h4
41.a4 h3
{ resign }
0-1

[Event "1/128 Finale"]
[Site "www.chess-mail.com"]
[Date "2016.04.30"]
[Round "1"]
[White "Matchbox"]
[Black "Hennie4820"]
[WhiteElo "1690"]
[BlackElo "1990"]
[Result "1/2-1/2"]
[Round "1"]
1.d4 Ng8f6
2.c4 e6
3.Ng1f3 d5
4.cxd5 exd5
5.Nb1c3 Bf8e7
6.g3 O-O
7.Bf1g2 c6
8.O-O Bc8g4
9.h3 Bg4h5
10.Nf3e5 Rf8e8
11.Ne5d3 h6
12.Nd3f4 Nb8d7
13.Nf4xh5 Nf6xh5
14.e4 Nh5f6
15.e5 Nf6h7
16.f4 f6
17.Rf1e1 fxe5
18.fxe5 Re8f8
19.Re1f1 Qd8c7
20.Bc1f4 Qc7b6
21.Qd1d2 g5
22.Bf4e3 Qb6c7
23.b3 Rf8xf1
24.Ra1xf1 Nd7f8
25.g4 Nf8e6
26.Qd2d3 Kg7
27.Qd3f5 Be7b4
28.Nc3e2 Qc7e7
29.Ne2g3 Ra8f8
30.Ng3h5 Kh8
31.Nh5f6 Bb4c3
32.Qf5g6 Qe7g7
33.Qg6xh7 Qg7xh7
34.Nf6xh7 Kxh7
35.Rf1d1 Kg7
36.Rd1d3 { draw }
1/2-1/2

[Event "1/128 Finale"]
[Site "www.chess-mail.com"]
[Date "2016.04.30"]
[Round "1"]
[White "Bluetealeaf"]
[Black "Knightjumper"]
[WhiteElo "1770"]
[BlackElo "1690"]
[Result "1-0"]
[Round "1"]
1.e4 c5
2.Bf1c4 Nb8c6
3.c3 e6
4.Qd1f3 Nc6e5
5.Qf3e2 Ne5xc4
6.Qe2xc4 d6
7.Ng1f3 Ng8f6
8.h3 Bc8d7
9.d3 b5
10.Qc4b3 Bf8e7
11.Bc1f4 O-O
12.Nb1d2 a5
13.a3 a4
14.Qb3c2 Bd7c6
15.h4 Qd8d7
16.h5 h6
17.Rh1h3 d5
18.e5 Nf6e8
19.Rh3g3 Kh8
20.Rg3g4 Ra8b8
21.Nf3h4 Qd7d8
22.Nd2f3 Be7xh4
23.Nf3xh4 Ne8c7
24.Qc2d2 Qd8d7
25.Bf4xh6 { resign }
1-0

[Event "Eq:La Taverne-Los Tercios : "]
[Site "www.chess-mail.com"]
[Date "2016.04.30"]
[Round "1"]
[White "Azorau"]
[Black "Coraza8091"]
[WhiteElo "1900"]
[BlackElo "1680"]
[Result "1-0"]
[Round "1"]
1.e4 e5
2.Bf1c4 Bf8c5
3.Qd1f3 Qd8f6
4.Qf3xf6 Ng8xf6
5.Ng1f3 Nf6g4
6.O-O O-O
7.h3 d5
8.Bc4xd5 Ng4f6
9.Nf3xe5 Bc5d4
10.Ne5f3 c5
11.c3 Bd4xf2
12.Rf1xf2 Nf6xd5
13.exd5 a5
14.d4 Nb8d7
15.Nb1a3 f6
16.Na3c4 b6
17.Bc1f4 b5
18.Nc4e3 c4
19.Bf4d6 Rf8e8
20.Ne3f5 Nd7b6
21.Nf5e7 Kf7
22.Ne7c6 Bc8b7
23.Bd6c5 Bb7xc6
24.Bc5xb6 Bc6xd5
25.Nf3g5 Kg6
26.Ng5f3 a4
27.Nf3h4 Kg5
28.Nh4f3 Bd5xf3
29.Rf2xf3 Ra8a6
30.Rf3g3 Kf4
31.Bb6c7 Kf5
32.Ra1f1 Ke6
33.Rg3xg7 h5
34.Rf1e1 Kd5
35.Re1xe8 a3
36.Rg7d7 Kc6
37.Re8d8 Ra6a7
38.d5 Kc5
39.Bc7d6 Kb6
40.Rd8b8 Ka6
41.Rd7xa7 Kxa7
42.bxa3 { resign }
1-0

[Event "Fast Game"]
[Site "www.echecsemail.com"]
[Date "2016.04.30"]
[Round "1"]
[White "Claudia"]
[Black "Derfel83"]
[WhiteElo "1599"]
[BlackElo "1560"]
[Result "1-0"]
[Round "1"]
1.d4 e6
2.c4 c5
3.d5 exd5
4.cxd5 Bf8d6
5.Nb1c3 Ng8f6
6.e4 O-O
7.Ng1f3 Rf8e8
8.Bf1d3 Bd6c7
9.O-O d6
10.Bc1g5 Nb8d7
11.Rf1e1 Bc7a5
12.Qd1c2 h6
13.Bg5h4 a6
14.h3 b5
15.b3 Nd7e5
16.Nf3xe5 dxe5
17.f3 g5
18.Bh4f2 Ba5b6
19.g4 h5
20.Nc3e2 Nf6d7
21.Ne2g3 hxg4
22.hxg4 Qd8f6
23.Kg2 Kg7
24.Ng3h5 { resign }
1-0

[Event "Tourn. n8673"]
[Site "www.chess-mail.com"]
[Date "2016.05.01"]
[Round "1"]
[White "Difficult"]
[Black "Awfen"]
[WhiteElo "1890"]
[BlackElo "2090"]
[Result "1-0"]
[Round "1"]
1.e4 Nb8c6
2.d4 e5
3.d5 Nc6e7
4.c4 Ne7g6
5.Bc1e3 Ng8f6
6.Bf1d3 Bf8b4
7.Nb1d2 d6
8.h3 O-O
9.a3 Bb4xd2
10.Qd1xd2 c6
11.Ng1e2 c5
12.O-O Nf6h5
13.b4 Qd8h4
14.Be3g5 Qh4xg5
15.Qd2xg5 Nh5f4
16.Ne2xf4 Ng6xf4
17.Ra1d1 b6
18.bxc5 bxc5
19.h4 f6
20.Qg5g3 Nf4h5
21.Qg3f3 Nh5f4
22.g3 Nf4g6
23.Rd1b1 Ng6e7
24.Qf3e3 Ne7g6
25.a4 Bc8h3
26.Rf1c1 a5
27.Rb1b7 Ra8b8
28.Rc1b1 { resign }
1-0

[Event "Tourn. n8676"]
[Site "www.chess-mail.com"]
[Date "2016.05.01"]
[Round "1"]
[White "George1955"]
[Black "Rons"]
[WhiteElo "2770"]
[BlackElo "2560"]
[Result "1-0"]
[Round "1"]
1.e4 c5
2.Ng1f3 d6
3.d4 cxd4
4.Nf3xd4 Ng8f6
5.Nb1c3 a6
6.Bc1e3 e6
7.f3 b5
8.g4 h6
9.Qd1d2 Nb8d7
10.O-O-O Bc8b7
11.h4 b4
12.Nc3a4 Qd8a5
13.b3 Nd7c5
14.a3 Nc5xa4
15.axb4 Qa5c7
16.bxa4 d5
17.e5 Nf6d7
18.f4 Nd7b6
19.Rh1h3 Ra8c8
20.f5 Nb6xa4
21.c4 exf5
22.Nd4xf5 a5
23.bxa5 Qc7c6
24.Be3f2 h5
25.Rh3b3 Bb7a6
26.Qd2xd5 Qc6xd5
27.Rd1xd5 hxg4
28.Kd2 Rh8h5
29.Bf1d3 g3
30.Bf2e3 g2
31.Rb3b1 g6
32.Nf5d6 Bf8xd6
33.Rd5xd6 Ba6xc4
34.Bd3xc4 Rc8xc4
35.Rb1b8 Ke7
36.Rb8b7 Ke8
37.a6 Rh5xe5
38.a7 { resign }
1-0

[Event "Tourn. n8734"]
[Site "www.chess-mail.com"]
[Date "2016.05.01"]
[Round "1"]
[White "Matchbox"]
[Black "Elogic"]
[WhiteElo "1820"]
[BlackElo "1870"]
[Result "1-0"]
[Round "1"]
1.d4 c5
2.dxc5 Qd8a5
3.Nb1c3 g6
4.e4 Qa5xc5
5.Bc1e3 Qc5a5
6.Qd1d2 Nb8c6
7.Ng1f3 a6
8.Nc3d5  { time }
1-0

[Event "Tourn. n8712"]
[Site "www.chess-mail.com"]
[Date "2016.05.01"]
[Round "1"]
[White "Fbeley"]
[Black "Matchbox"]
[WhiteElo "2049"]
[BlackElo "1810"]
[Result "1/2-1/2"]
[Round "1"]
1.e4 e5
2.Ng1f3 Nb8c6
3.Bf1c4 Bf8c5
4.b4 Bc5b6
5.a4 a6
6.a5 Bb6a7
7.c3 Ng8f6
8.d3 d6
9.Nf3g5 O-O
10.O-O Qd8e7
11.Bc1e3 Ba7xe3
12.fxe3 Bc8e6
13.Bc4xe6 fxe6
14.Nb1d2 h6
15.Ng5f3 d5
16.exd5 exd5
17.Qd1e2 e4
18.dxe4 Nf6xe4
19.Nf3d4 Ne4xd2
20.Qe2xd2 Rf8xf1
21.Ra1xf1 Nc6xd4
{ draw }
1/2-1/2

[Event "Tourn. n8681"]
[Site "www.chess-mail.com"]
[Date "2016.05.01"]
[Round "1"]
[White "Amaya"]
[Black "Roque1"]
[WhiteElo "2040"]
[BlackElo "2000"]
[Result "0-1"]
[Round "1"]
1.d4 d5
2.e3 Ng8f6
3.Bf1d3 Nb8c6
4.c3 Bc8g4
5.f3 Bg4h5
6.Ng1e2 e6
7.Ne2f4 Bh5g6
8.Nf4xg6 hxg6
9.Nb1d2 Bf8d6
10.f4 Qd8d7
11.O-O O-O-O
12.Nd2f3 Rh8h5
13.Bd3b5 a6
14.Bb5a4 b5
15.Ba4c2 Rd8h8
16.Bc1d2 Nf6g4
17.h3 Ng4f6
18.a4 b4
19.a5 Nf6e4
20.Nf3e5 Bd6xe5
21.fxe5 Qd7e7
22.Bc2xe4 dxe4
23.Qd1e2 Qe7g5
24.Kh2 f5
25.Qe2xa6 Kd7
26.Qa6b5 Qg5g4
27.Rf1f4 Rh5xh3
28.Kg1 Qg4g3
29.Kf1 Rh3h1
30.Ke2 Qg3xg2
{ resign }
0-1

[Event "Tourn. n8655"]
[Site "www.chess-mail.com"]
[Date "2016.05.01"]
[Round "1"]
[White "Andychesston"]
[Black "Bojan"]
[WhiteElo "1960"]
[BlackElo "2020"]
[Result "0-1"]
[Round "1"]
1.e4 e5
2.Ng1f3 d6
3.Nb1c3 c6
4.Bf1e2 f5
5.d4 Qd8c7
6.Bc1e3 f4
7.Be3c1 h6
8.d5 Bc8g4
9.b3 Ng8f6
10.Nf3h4 Bg4xe2
11.Qd1xe2 Rh8g8
12.Bc1b2 Qc7a5
13.O-O Nb8d7
14.a3 Bf8e7
15.b4 Qa5c7
16.Qe2c4 Nd7b6
17.Qc4b3 cxd5
18.exd5 Ra8c8
19.Ra1c1 g5
20.Nh4f5 Be7f8
21.Rf1e1 a6
22.Nc3e4 Nf6xd5
23.c4 Nb6xc4
24.Rc1c2 b5
25.Re1c1 Qc7d7
26.Nf5e3 Qd7e6
27.Ne3xd5 Kf7
28.Ne4f6 Rg8g6
29.Qb3d3 Bf8g7
30.Rc2xc4 bxc4
31.Rc1xc4 Bg7xf6
32.Rc4c7 Rc8xc7
33.Nd5xc7 Qe6d7
34.Qd3d5 Ke7
35.Nc7xa6 g4
36.Na6b8 Qd7e6
37.Nb8c6 Kf7
38.Qd5e4 d5
39.Qe4c2 Kg7
40.Qc2a4 e4
41.Qa4a7 Kh8
42.Qa7a8 Kh7
43.Nc6d8 Qe6d7
44.Bb2xf6 Rg6xf6
45.a4 Rf6f8
46.b5 Rf8xd8
47.Qa8a5 Rd8b8
48.Qa5d2 Rb8f8
49.Qd2d4 Kg6
50.b6 Rf8a8
51.f3 Qd7xa4
52.Qd4xd5 Qa4a1
53.Kf2 Ra8a2
54.Qd5xa2 Qa1xa2
55.Ke1 e3
{ resign }
0-1

[Event "Tourn. n8670"]
[Site "www.chess-mail.com"]
[Date "2016.05.01"]
[Round "1"]
[White "Jjmcbride"]
[Black "Hansen"]
[WhiteElo "1690"]
[BlackElo "1620"]
[Result "0-1"]
[Round "1"]
1.Ng1f3 e6
2.e4 d5
3.e5 d4
4.d3 Nb8c6
5.c3 h6
6.cxd4 Nc6xd4
7.Qd1a4 c6
8.Nf3xd4 Bc8d7
9.b4 c5
10.Nd4b5 a6
11.bxc5 axb5
12.Qa4d4 Ng8e7
13.Bf1e2 Ra8a4
14.Qd4b2 Ne7f5
15.Nb1c3 Qd8a5
16.Bc1d2 b4
17.Nc3xa4 Qa5xa4
18.Bd2xb4 Bd7c6
19.O-O h5
20.d4 b6
21.Be2d1 Qa4a6
22.Ra1c1 { time. }
0-1

[Event "Tourn. n8564"]
[Site "www.chess-mail.com"]
[Date "2016.05.01"]
[Round "1"]
[White "Conde7"]
[Black "Nimzo"]
[WhiteElo "2840"]
[BlackElo "2810"]
[Result "1/2-1/2"]
[Round "1"]
1.e4 e6
2.d4 d5
3.e5 c5
4.c3 Qd8b6
5.Ng1f3 Nb8c6
6.a3 Bc8d7
7.b4 cxd4
8.cxd4 Ra8c8
9.Bc1b2 Ng8e7
10.Nb1c3 Nc6a5
11.Nc3a4 Qb6c6
12.Na4c5 Na5c4
13.Qd1b1 b6
14.Nc5xd7 Qc6xd7
15.Bf1d3 b5
16.O-O Ne7c6
17.Bb2c3 Bf8e7
18.Rf1d1 Rc8b8
19.Nf3e1 Qd7b7
20.Ne1c2 O-O
21.Bd3e2 a5
22.bxa5 Nc6xa5
23.Rd1d3 Rf8c8
24.Rd3h3 Na5c6
25.Qb1c1 Be7f8
26.Ra1b1 g6
27.Qc1f4 Bf8g7
28.Bc3d2 Nc6e7
29.Be2d3 Rb8a8
30.Bd2c1 Ra8a4
31.Qf4f3 Qb7d7
32.Qf3d1 f6
33.f4 f5
34.Bd3e2 Rc8b8
35.Rh3g3 Qd7e8
36.Rg3b3 Ra4a8
37.Qd1d3 Bg7f8
38.Be2d1 Kh8
39.Bc1d2 Ne7c6
40.Bd2e1 Nc6a5
41.Rb3c3 Na5c6
42.Rc3b3 Nc6a5
{ draw }
1/2-1/2

[Event "Tourn. n8700"]
[Site "www.chess-mail.com"]
[Date "2016.05.01"]
[Round "1"]
[White "Bojan"]
[Black "Matchbox"]
[WhiteElo "2000"]
[BlackElo "1810"]
[Result "1-0"]
[Round "1"]
1.c4 f5
2.b4 Ng8f6
3.Bc1b2 g6
4.Qd1c2 Bf8g7
5.Ng1f3 d6
6.e3 e5
7.d3 O-O
8.Nb1d2 c6
9.Nd2b3 Qd8e7
10.g3 Bc8e6
11.Nf3g5 Nb8d7
12.h3 h6
13.Ng5xe6 Qe7xe6
14.Bf1g2 g5
15.O-O-O Rf8c8
16.f4 d5
17.fxe5 Nd7xe5
18.Nb3d4 Qe6d7
19.c5 a5
20.a3 axb4
21.axb4 Rc8e8
22.Rd1f1 Ra8a2
23.Kd2 Qd7c7
24.Nd4xf5 Nf6d7
25.Qc2b3 Re8a8
26.e4 Ra8a3
27.Qb3xa3 Ra2xa3
28.Bb2xa3 dxe4
29.Nf5xg7 Kxg7
30.Bg2xe4 Nd7f6
31.Be4f5 Qc7d8
32.Ba3b2 Ne5c4
33.Kc2 Nc4e3
34.Kd2 Ne3xf1
35.Rh1xf1 Kg8
36.Bf5e6 { resign }
1-0

[Event "Tourn. n8745"]
[Site "www.chess-mail.com"]
[Date "2016.05.01"]
[Round "1"]
[White "Bojan"]
[Black "Malbertan"]
[WhiteElo "1890"]
[BlackElo "2040"]
[Result "0-1"]
[Round "1"]
1.c4 f5
2.b4 e5
3.a3 Ng8f6
4.Bc1b2 d6
5.e3 Bc8e6
6.d4 Nb8d7
7.d5 Be6f7
8.Bf1e2 Bf8e7
9.Ng1h3 Nf6e4
10.g3 O-O
11.f3 Ne4g5
12.Nh3xg5 Be7xg5
13.Kf2 f4
14.exf4 exf4
15.Nb1d2 fxg3
16.hxg3 Qd8e7
17.Nd2e4 Bg5h6
18.Qd1d4 Bf7g6
19.Be2d3 Nd7e5
20.Rh1xh6 Ne5g4
21.Kg2 Ng4xh6
22.g4 Bg6xe4
23.Bd3xe4 Qe7g5
24.Kg3 Rf8f4
25.Qd4xg7 Qg5xg7
26.Bb2xg7 Rf4xg4
27.fxg4 Kxg7
28.Ra1h1 Ra8e8
29.Kf4 Re8f8
30.Kg3 Rf8e8
31.Rh1e1 Nh6f7
32.Kf4 Nf7e5
33.c5 Ne5d3
34.Be4xd3 Re8xe1
35.a4 Re1a1
36.cxd6 cxd6
37.a5 Ra1a4
{ resign }
0-1

[Event "Tourn. n8731"]
[Site "www.chess-mail.com"]
[Date "2016.05.01"]
[Round "1"]
[White "Daquata"]
[Black "Genius1"]
[WhiteElo "1630"]
[BlackElo "1430"]
[Result "0-1"]
[Round "1"]
1.e4 g6
2.d4 Bf8g7
3.Ng1f3 d6
4.Nb1c3 Ng8f6
5.Bc1e3 O-O
6.Bf1e2 Nb8d7
7.O-O e5
8.Qd1d2 Rf8e8
9.Be2d3 exd4
10.Be3xd4 Nd7e5
11.Nf3xe5 dxe5
12.Bd4e3 Nf6g4
13.Be3g5 Bg7f6
14.Bg5xf6 Ng4xf6
15.Ra1d1 c6
16.Qd2f4 exf4
{ resign }
0-1

[Event "Tourn. n8691"]
[Site "www.chess-mail.com"]
[Date "2016.05.01"]
[Round "1"]
[White "Comrade"]
[Black "Bojan"]
[WhiteElo "2190"]
[BlackElo "2020"]
[Result "1-0"]
[Round "1"]
1.c4 g6
2.d4 Bf8g7
3.Nb1c3 c6
4.e4 d6
5.Ng1f3 Nb8d7
6.Bf1d3 e5
7.Bc1e3 exd4
8.Be3xd4 f6
9.O-O Nd7e5
10.Rf1e1 Ne5xd3
11.Qd1xd3 Ng8e7
12.Ra1d1 O-O
13.h3 c5
14.Bd4xc5 Ne7c6
15.Bc5xd6 Rf8f7
16.c5 Bc8e6
17.a3 Rf7d7
18.Nf3d4 Nc6xd4
19.Qd3xd4 Ra8c8
20.Nc3d5 Kf7
21.Nd5f4 Be6a2
22.b4 Kg8
23.Nf4e6 Ba2xe6
24.f4 f5
25.e5 b6
26.Rd1c1 bxc5
27.bxc5 Rc8c6
28.Qd4a4 Qd8c8
29.Rc1b1 Rd7b7
30.Qa4a5 Rb7xb1
31.Re1xb1 Rc6a6
32.Qa5c3 Bg7f8
33.Rb1b8 Qc8c6
34.Rb8xf8 Kg7
35.Rf8b8 Be6d5
36.e6 Kh6
37.Bd6f8 Kh5
38.Qc3g3 h6
39.Bf8xh6 Kxh6
40.Qg3h4 { resign }
1-0

[Event "Match"]
[Site "www.echecsemail.com"]
[Date "2016.05.01"]
[Round "1"]
[White "Darknight"]
[Black "Genius3"]
[WhiteElo "1670"]
[BlackElo "1680"]
[Result "1-0"]
[Round "1"]
1.e4 e6
2.Bf1c4 d5
3.exd5 exd5
4.Bc4b3 Ng8f6
5.h3 Bf8d6
6.d3 O-O
7.a3 Rf8e8
8.Ng1e2 c6
9.Bc1g5 h6
10.Bg5e3 Nb8d7
11.g4 Nd7e5
12.Ne2g3 Qd8c7
13.Nb1d2 b6
14.f4 Ne5xd3
15.cxd3 Re8xe3
16.Ng3e2 Bd6xf4
17.Nd2f1 Bc8a6
18.Bb3c2 Ra8e8
19.Nf1xe3 Bf4xe3
20.Bc2b3 Qc7e5
21.Qd1c2 Be3f4
22.Rh1f1 Bf4g3
23.Kd1 Bg3h4
24.Ne2f4 Qe5e1
25.Rf1xe1 Re8xe1
26.Kd2 Re1xa1
27.Qc2xc6 Bh4g5
28.Qc6a4 Ra1f1
29.Qa4xa6 Rf1xf4
30.Kc2 Rf4f2
31.Kb1 Bg5e3
32.Qa6c8 Kh7
33.Qc8c7 d4
34.Bb3xf7 Rf2f1
35.Ka2 Rf1c1
36.Qc7d8 Rc1h1
37.Qd8c8 Rh1xh3
38.g5 Rh3g3
39.gxf6 gxf6
40.Qc8b8 { resign }
1-0

[Event "Match"]
[Site "www.echecsemail.com"]
[Date "2016.05.01"]
[Round "1"]
[White "Ipolit"]
[Black "Billyg"]
[WhiteElo "1499"]
[BlackElo "1580"]
[Result "1-0"]
[Round "1"]
1.e4 e5
2.Nb1c3 Ng8f6
3.f4 exf4
4.e5 Nf6h5
5.Qd1xh5 Qd8e7
6.d4 g6
7.Qh5f3 Qe7h4
8.Qf3f2 Qh4xf2
9.Kxf2 Bf8h6
10.Nc3d5 Kd8
11.Bc1xf4 Bh6xf4
12.Nd5xf4 d5
13.Nf4xd5 c6
14.Nd5e3 Nb8a6
15.Bf1xa6 bxa6
16.Ng1f3 Bc8b7
17.Rh1d1 Rh8f8
18.c4 Kc7
19.d5 c5
20.Nf3g5 Ra8e8
21.Ng5f3 f6
22.e6 h5
23.a3 g5
24.b4 g4
25.Nf3h4 cxb4
26.axb4 Kd6
27.Nh4f5 Kc7
28.d6 Kb8
29.d7 Re8d8
30.e7 Rd8e8
31.exf8Q Re8xf8
32.d8Q Rf8xd8
33.Rd1xd8 Kc7
34.Ra1d1 Bb7c8
35.Rd8xc8 Kxc8
36.Ne3d5 { resign }
1-0

[Event "Match"]
[Site "www.echecsemail.com"]
[Date "2016.05.01"]
[Round "1"]
[White "Daquata"]
[Black "Germancho95"]
[WhiteElo "1590"]
[BlackElo "1550"]
[Result "0-1"]
[Round "1"]
1.e4 c5
2.Ng1f3 a6
3.d4 cxd4
4.Nf3xd4 d6
5.Nb1c3 Ng8f6
6.Bf1e2 e5
7.Nd4b3 Bf8e7
8.O-O b5
9.Bc1g5 Bc8e6
10.Bg5xf6 Be7xf6
11.a3 Nb8d7
12.Nc3d5 Bf6g5
13.Be2g4 f5
14.exf5 Be6f7
15.Rf1e1 Nd7b6
16.Nd5xb6 Qd8xb6
17.Qd1f3 O-O
18.Ra1d1 a5
19.Nb3d2 d5
{ resign }
0-1

[Event "Match"]
[Site "www.echecsemail.com"]
[Date "2016.05.01"]
[Round "1"]
[White "Billyg"]
[Black "Moti123"]
[WhiteElo "1580"]
[BlackElo "1499"]
[Result "1-0"]
[Round "1"]
1.e4 e5
2.Ng1f3 Nb8c6
3.c3 b5
4.Bf1xb5 Qd8e7
5.O-O Qe7f6
6.d4 Qf6g6
7.Nb1d2 f6
8.dxe5 fxe5
9.Rf1e1 a6
10.Bb5a4 Bf8c5
11.b4 Bc5b6
12.Nf3h4 Qg6f6
13.Nh4f5 g6
14.Nf5e3 Bb6xe3
15.fxe3 Ng8h6
16.h3 Rh8f8
17.Bc1b2  { time }
1-0

[Event "Match"]
[Site "www.echecsemail.com"]
[Date "2016.05.01"]
[Round "1"]
[White "Billyg"]
[Black "Trucker44"]
[WhiteElo "1660"]
[BlackElo "1499"]
[Result "1-0"]
[Round "1"]
1.e4 Nb8c6
2.d4 e6
3.Bf1c4 g5
4.Ng1f3 Bf8b4
5.c3 Bb4d6
6.e5 Bd6f8
7.Nf3xg5 a5
8.d5 Nc6xe5
9.dxe6 Ne5xc4
10.Qd1f3 f6
11.exd7 Qd8xd7
12.O-O fxg5
13.Qf3e4 Qd7e6
14.Qe4xe6 Bc8xe6
15.b3 Nc4e5
16.Rf1e1 Bf8g7
17.Bc1xg5 c5
18.f4 Ra8d8
19.Bg5xd8 Ne5g6
20.Bd8xa5 Ng6xf4
21.g3 Ke7
22.gxf4 Ng8h6
23.b4 Rh8f8
24.Ba5b6 Rf8xf4
25.Bb6xc5 Kf7
26.Nb1d2 Bg7xc3
27.Ra1d1 Be6xa2
28.Bc5e3 Rf4g4
29.Kf1 Nh6f5
30.Be3f2 Bc3xb4
31.Re1e5 Kf6
32.Bf2g3 h5
33.Nd2f3 Ba2c4
34.Kg2 Bb4c5
35.Rd1c1 b5
36.Rc1e1 h4
37.Re5xc5 hxg3
38.hxg3 Nf5xg3
39.Nf3e5 Rg4g7
40.Kf2 Ng3f5
41.Ne5xc4 bxc4
42.Rc5xc4 Nf5d6
43.Rc4c6 Rg7d7
44.Kg1 Kg5
45.Re1e5 Kf6
46.Re5a5 Ke6
47.Rc6c5 Rd7g7
48.Kf1 Rg7g4
49.Rc5e5 Kd7
50.Ra5a6 Rg4d4
51.Re5h5 Rd4d3
52.Rh5h6 Nd6e4
53.Ra6a7 Kc8
54.Ke2 Rd3d2
55.Ke3 Kb8
56.Ra7e7 Kc8
57.Re7xe4 Rd2d7
58.Rh6h8 Kc7
{ time. }
1-0

[Event "Match"]
[Site "www.echecsemail.com"]
[Date "2016.05.01"]
[Round "1"]
[White "Nugun"]
[Black "Gene80"]
[WhiteElo "1800"]
[BlackElo "1839"]
[Result "1-0"]
[Round "1"]
1.c4 e5
2.Nb1c3 Bf8b4
3.g3 Ng8f6
4.Bf1g2 c6
5.e3 d6
6.Ng1f3 O-O
7.d4 exd4
8.exd4 Bb4xc3
9.bxc3 Bc8e6
10.Nf3d2 Be6g4
11.Nd2f3 Nb8d7
12.O-O Nd7b6
13.Rf1e1 Nb6xc4
14.Bc1g5 h6
15.Bg5f4 Nf6d5
16.Qd1c2  { time }
1-0

[Event "Match"]
[Site "www.echecsemail.com"]
[Date "2016.05.01"]
[Round "1"]
[White "Mdesouza"]
[Black "Milkyway"]
[WhiteElo "2210"]
[BlackElo "2269"]
[Result "1-0"]
[Round "1"]
1.e4 Ng8f6
2.e5 Nf6d5
3.Ng1f3 d6
4.d4 Bc8g4
5.Bf1e2 e6
6.O-O Nb8c6
7.Bc1g5 Bf8e7
8.Bg5xe7 Qd8xe7
9.c4 Nd5b6
10.exd6 cxd6
11.Nb1d2 d5
12.c5 Bg4xf3
13.Be2xf3 Nb6d7
14.Bf3xd5 Nc6xd4
15.Nd2e4 O-O
16.Bd5xb7 Ra8b8
17.Qd1xd4 { resign }
1-0

[Event "Match"]
[Site "www.echecsemail.com"]
[Date "2016.05.01"]
[Round "1"]
[White "Heiserman"]
[Black "Tonino1"]
[WhiteElo "2290"]
[BlackElo "2200"]
[Result "1-0"]
[Round "1"]
1.c4 Ng8f6
2.Nb1c3 g6
3.Ng1f3 Bf8g7
4.g3 O-O
5.Bf1g2 d6
6.O-O c6
7.d3 h6
8.Bc1d2 Qd8c7
9.b4 e5
10.h3 Bc8e6
11.Ra1c1 Nb8d7
12.e4 a6
13.Bd2e3 Nf6e8
14.a4 f5
15.exf5 gxf5
16.Nc3e2 Rf8f7
17.d4 e4
18.d5 Be6xd5
19.cxd5 exf3
20.Bg2xf3 Nd7e5
21.Bf3g2 c5
22.bxc5 Ra8d8
23.Ne2d4 Qc7e7
24.Nd4e6 Rd8c8
25.Rf1e1 dxc5
26.Ne6xg7 Kxg7
27.Be3f4  { time }
1-0

[Event "Fast Game"]
[Site "www.echecsemail.com"]
[Date "2016.05.01"]
[Round "1"]
[White "Cal"]
[Black "Claudia"]
[WhiteElo "1560"]
[BlackElo "1599"]
[Result "0-1"]
[Round "1"]
1.c4 Ng8f6
2.Nb1c3 d5
3.cxd5 Nf6xd5
4.h3 e6
5.Nc3e4 Bf8e7
6.a3 O-O
7.Ng1f3 c5
8.e3 Nb8c6
9.b3 b6
10.Bc1b2 Bc8b7
11.Bf1c4 Nd5f6
12.O-O Nf6xe4
13.d3 Ne4f6
14.e4 a6
15.Rf1e1 b5
16.e5 Nf6d7
17.Bc4xe6 fxe6
18.Re1e4 Nc6xe5
19.Nf3xe5 Bb7xe4
20.dxe4 Nd7xe5
21.Bb2xe5 Qd8xd1
22.Ra1xd1 Rf8d8
23.Rd1e1 Be7f6
24.Be5xf6 gxf6
25.f4 Rd8d3
26.Re1b1 Ra8d8
27.h4 Rd3d1
28.Rb1xd1 Rd8xd1
29.Kf2 c4
30.bxc4 bxc4
31.Kg3 c3
{ resign }
0-1

[Event "Tourn. n8675"]
[Site "www.chess-mail.com"]
[Date "2016.05.02"]
[Round "1"]
[White "Azulmarino"]
[Black "Cal"]
[WhiteElo "1490"]
[BlackElo "1660"]
[Result "0-1"]
[Round "1"]
1.e4 e5
2.Ng1f3 d6
3.Bf1c4 a6
4.d3 h6
5.Bc1e3 Nb8c6
6.Nb1c3 Bc8g4
7.h3 Bg4xf3
8.Qd1xf3 Ng8f6
9.Nc3d5 Bf8e7
10.Nd5xf6 Be7xf6
11.O-O O-O
12.a3 b5
13.Qf3g3 bxc4
14.dxc4 Qd8e7
15.Be3xh6 Nc6d4
16.Qg3d3 gxh6
17.c3 Nd4b3
18.Ra1d1 Nb3c5
19.Qd3d5 a5
20.Rf1e1 Ra8c8
21.Qd5d2 Nc5b3
22.Qd2c2 a4
23.Rd1d3 Nb3c5
24.Rd3g3 Kh7
25.Qc2e2 Bf6h4
26.Rg3g4 Bh4g5
27.h4 Bg5xh4
28.g3 Bh4g5
29.Qe2f3 c6
30.Qf3f5 Kg7
31.Kg2 f6
32.Re1h1 Nc5d3
33.Rg4xg5 fxg5
34.Qf5h3 Nd3xb2
35.Qh3xh6 Kf7
36.Qh6h7 Ke8
37.Qh7g6 Kd7
38.Rh1h7 Qe7xh7
39.Qg6xh7 Kd8
40.Qh7h6 Nb2xc4
41.Qh6xg5 Kc7
42.Qg5e7 Kb6
43.f4 Nc4xa3
44.Qe7xd6 Na3c2
45.Qd6xe5 Rc8d8
46.c4 Nc2e3
47.Kf3 Ne3xc4
48.Qe5c3 Kb5
49.e5 c5
50.e6 Rf8e8
51.Qc3f6 Rd8d3
52.Kg4 Nc4e3
53.Kg5 Re8g8
54.Kh5 Rd3d5
55.Kh4 Rg8g4
56.Kh3 Rd5h5
57.Qf6h4 Rh5xh4
58.gxh4 Kc6
59.e7 Kd7
60.e8Q Kxe8
61.h5 Kf7
62.f5 Kf6
63.h6 Kg5
64.h7 Rg4h4
65.Kg3 Ne3xf5
66.Kf3 Rh4xh7
67.Ke2 a3
{ resign }
0-1

[Event "Tourn. n8700"]
[Site "www.chess-mail.com"]
[Date "2016.05.02"]
[Round "1"]
[White "Odin"]
[Black "Bojan"]
[WhiteElo "1990"]
[BlackElo "2000"]
[Result "1/2-1/2"]
[Round "1"]
1.e4 g6
2.d4 Bf8g7
3.Ng1f3 c5
4.Bf1c4 cxd4
5.Nf3xd4 Nb8c6
6.Qd1f3 Nc6e5
7.Qf3b3 Ne5xc4
8.Qb3xc4 b6
9.O-O Bc8b7
10.Nb1c3 Ra8c8
11.Qc4d3 Ng8f6
12.h3 O-O
13.Nc3b5 Bb7xe4
14.Qd3b3 a6
15.Nb5c3 Be4f5
16.Rf1e1 Bf5e6
17.Nd4xe6 fxe6
18.Bc1g5 b5
19.a3 Qd8b6
20.Bg5e3 Qb6b7
21.Nc3a4 Nf6d5
22.Na4c5 Qb7c6
23.Ra1c1 Nd5xe3
24.Nc5xe6 Qc6xe6
25.Qb3xe6 dxe6
26.Re1xe3 Bg7xb2
27.Rc1e1 Bb2xa3
28.Re3xa3 Rc8c6
29.c3 Rf8f4
30.g3 Rf4c4
31.Re1e3 g5
32.Kg2 Kg7
33.Re3d3 h5
34.Rd3d7 Kf6
35.Rd7a7 Rc4a4
36.Ra3b3 Rc6c4
37.Kf3 e5
38.Ke3 e4
39.f3 exf3
40.Kxf3 Ra4a1
41.Ra7a8 Kg7
42.Ra8e8 Ra1e1
43.Rb3a3 Re1e6
44.Re8a8 Rc4a4
45.Ra3b3 g4
46.hxg4 Ra4xg4
47.Rb3b4 Re6f6
48.Kg2 Rg4g5
49.Rb4e4 Kf7
50.Ra8a7 Rf6e6
51.Re4f4 Kg6
52.Ra7a8 Kg7
53.Rf4f8 Re6f6
54.Rf8g8 Kh6
55.Rg8h8 Kg6
56.Ra8e8 e5
57.Re8g8 Kf5
58.Rg8a8 h4
59.Rh8xh4 Rg5g7
60.Kf3 Ke6
61.Kg2 Kd5
62.Ra8d8 Rf6d6
63.Rd8e8 a5
64.Rh4h5 Rd6e6
65.Re8b8 Kc4
66.Rb8c8 Kb3
67.Rc8c5 a4
68.Rc5xb5 Kxc3
69.Rh5xe5 Re6xe5
70.Rb5xe5 a3
71.Re5a5 Kb2
72.Ra5b5 Ka1
73.Kf3 Rg7c7
74.Ke2 Ka2
75.g4 Rc7c2
76.Kd3 Rc2b2
77.Rb5a5 Kb3
78.g5 a2
79.g6 Rb2g2
{ draw }
1/2-1/2

[Event "Tourn. n8699"]
[Site "www.chess-mail.com"]
[Date "2016.05.02"]
[Round "1"]
[White "Cal"]
[Black "Chessexpert"]
[WhiteElo "1610"]
[BlackElo "1450"]
[Result "0-1"]
[Round "1"]
1.c4 e6
2.a3 d5
3.cxd5 exd5
4.d4 Ng8f6
5.Nb1c3 c6
6.h3 Bf8d6
7.Ng1f3 O-O
8.e3 Rf8e8
9.Bf1d3 Nf6e4
10.Bd3xe4 dxe4
11.Nf3d2 f5
12.O-O Nb8d7
13.f3 Nd7f6
14.f4 Bc8e6
15.b3 Nf6d5
16.Nd2c4 Nd5xc3
17.Qd1d2 Nc3d5
18.b4 Nd5f6
19.Nc4a5 Qd8c7
20.Bc1b2 b6
21.Na5xc6 Qc7xc6
22.Ra1c1 Qc6b7
23.b5 Ra8c8
24.Rc1e1 Be6c4
25.a4 Bc4xf1
26.Re1xf1 Rc8c7
27.Kh2 Re8c8
28.Rf1g1 Rc7c2
29.Qd2d1 Rc2xb2
30.Kg3 Rc8c2
31.h4 Qb7f7
32.Kh3 Nf6g4
33.Kg3 Ng4xe3
34.Qd1e1 Qf7g6
35.Kh2 Rc2xg2
36.Rg1xg2 Qg6xg2
{ resign }
0-1